Combustió i combustibles
Descripción Física:
58 p. : il. ; 23 cm
Colección:
Text ; 29, E32
Otros Autores:
Catalunya. Extensió d'Ensenyament Tècnic
Materias:
Combustió
MARC
| LEADER | 00000nam a2200000Ia 4500 | ||
|---|---|---|---|
| 001 | 7710 | ||
| 008 | 160829s9999 xx 000 0 cat d | ||
| 080 | |a C-1-474 | ||
| 245 | |a Combustió i combustibles | ||
| 260 | |a Barcelona : |b Generalitat de Catalunya, Extensió d' Ensenyament Tècnic, [s.a.] | ||
| 300 | |a 58 p. : |b il. ; |c 23 cm | ||
| 490 | |a Text ; 29, E32 | ||
| 650 | |a Combustió |9 27633 | ||
| 700 | |a Catalunya. Extensió d'Ensenyament Tècnic |9 20004 | ||
| 710 | 1 | |a Catalunya. |b Generalitat |9 12125 | |
| 901 | |a Arxiu | ||
| 942 | |n 1 | ||
| 952 | |0 0 |1 0 |4 0 |6 C1474 |7 1 |9 44483 |a Arxiu |b Arxiu |d 2016-12-01 |l 0 |o C-1-474 |p 7710 |r 2016-12-01 00:00:00 |w 2016-12-01 |y ARXIU | ||
| 999 | |c 47064 |d 47064 | ||